00482 2200181 4500245006400000020001800064250001100082700001700093100002100110700001500131650004300146005001900189260003800208041001400246084000800260300002300268336000900291 aFame School 3 b : Secret AmbitioncJefferies, CindyhText a979-696-351-5 aCet. 1 aRony Siahaan aJefferies, Cindy aNancy Duma aFiksi Inggris (dalam Bahasa Indonesia) a20230330125929 aJakartabPrimamedia Pustakac2005 aIndonesia a823 a121 hlm. :c20 cm. atext